00575 2200205 4500001002100000005001700021008004100038020002200079035002400101040001200125082001200137090002100149245005800170250001000228260003400238300002500272650003800297850001200335990002200347YOGYA-0812000000003120120801192930.0 ind  a978-979-26-1876-1 0010-081200000000031 aYOPDYOG a372.126 aDEP 372.126bZON aZONA Siswa Juara Pasti anking Pertama! : SD Kelas VI. acet 1 aYogyakartabCitra Mediac2011 a342 hlmbilusc30 cm aSekolah Dasar - Ujian, Soal, Dsb. aYOPDYOG aCB-D.11 2011-1858